00591nam a22001697a 4500003000900000008004100009020002200050040007100072082001900143100002400162245003300186260005800219300006400277505004300341650001400384650002300398AR-CdUCM190321b ||||| |||| 00| 0 spa d a978-612-00-1526-1 aMUNICIPALIDAD PROVINCIAL DEL CUSCOcBIBLIOTECA MUNICIPAL DEL CUSCO a641.36 /bAR77 aArroyo Salas, Yoni  aElaboración de embutidos / aCusco - Perú :bTaller de Encuadernación ;c2014. a166 páginas ;bFotografías, cuadros conceptuales c20cm aContenido: Elaboración de embutidos  aEmbutidos aCarnes procesadas